[Event "Tournoi francophone 001E"]
[Site "Skype"]
[Date "????.??.??"]
[Round "9.5"]
[White "Rival, Jocelyn"]
[Black "Kruk, Clementine"]
[Result "0-1"]
[WhiteElo "1040"]
[BlackElo "1107"]
[PlyCount "40"]

1. e4 e5 2. Nf3 Nc6 3. Bb5 Nf6 4. Bxc6 dxc6 5. Nxe5 Nxe4 6. Qe2 Nf6 7. d4 Qxd4
8. Nf3+ Qe4 9. Be3 Bb4+ 10. c3 Ba5 11. Nbd2 Qg4 12. Rb1 O-O 13. h3 Qxg2 14. Rf1
Qxh3 15. Ng5 Qg4 16. Ndf3 h6 17. Qd3 hxg5 18. Bxg5 Bf5 19. b4 Bxd3 20. Ne5 Qe2#
0-1

[Event "Tournoi francophone 001E"]
[Site "Skype"]
[Date "????.??.??"]
[Round "9.6"]
[White "Martin, Elise"]
[Black "Farthouat, Catherine"]
[Result "0-1"]
[WhiteElo "1114"]
[BlackElo "1071"]
[PlyCount "116"]

1. e4 e5 2. Nf3 Nc6 3. Bb5 Nf6 4. d3 h6 5. O-O Bb4 6. Nbd2 Bxd2 7. Bxd2 O-O 8.
Bc3 d6 9. h3 Bd7 10. Nh4 Re8 11. Qf3 a6 12. Bc4 Ne7 13. Qg3 d5 14. Bb3 d4 15.
Bd2 b5 16. Ng6 Nxg6 17. Qxg6 Kh8 18. Bxh6 gxh6 19. Qxh6+ Nh7 20. Bxf7 Re7 21.
Bb3 c5 22. c4 Re6 23. Qd2 b4 24. Bd1 Nf6 25. Qh6+ Kg8 26. Qg6+ Kf8 27. f4 Nd5
28. Qg3 Nxf4 29. Rf3 Ke7 30. Qh4+ Kd6 31. Qxd8 Rxd8 32. Rg3 Bc8 33. Bf3 Nxd3
34. Rb1 a5 35. Bg4 Rg6 36. Rxd3 Bxg4 37. h4 Be2 38. Rd2 Bxc4 39. Ra1 Rf8 40. b3
Be6 41. Rc1 Rgf6 42. Kh2 Bg4 43. Rdc2 Rf4 44. Rxc5 Rxe4 45. Rxa5 Ref4 46. Ra6+
Kd5 47. Rb6 Ke4 48. Rxb4 Ke3 49. Re1+ Be2 50. a4 Rg4 51. Rb5 Kf2 52. Rc1 Rfg8
53. Rxe5 Rxg2+ 54. Kh1 Bf3 55. h5 Rg1+ 56. Kh2 Rxc1 57. h6 Bg2 58. h7 Rh1# 0-1

[Event "Tournoi francophone 001E"]
[Site "Skype"]
[Date "????.??.??"]
[Round "9.7"]
[White "Gagnon, Sindy"]
[Black "Richmond, Aaron"]
[Result "1-0"]
[WhiteElo "1000"]
[BlackElo "1000"]
[PlyCount "95"]

1. e4 e5 2. Nc3 Nc6 3. d3 d6 4. Be2 g6 5. b3 h6 6. Bb2 Be7 7. Rb1 Bg5 8. Nf3
Nf6 9. O-O Bg4 10. h3 Bh5 11. a4 Qd7 12. Kh2 Bf4+ 13. Kg1 Ng4 14. Qe1 Bh2+ 15.
Kh1 Qe7 16. hxg4 O-O-O 17. Kxh2 Bxg4 18. Nd5 Qd7 19. Nf6 Qe6 20. Nd5 Bxf3 21.
Bxf3 h5 22. Qe3 g5 23. Qxg5 f6 24. Qg7 Rhe8 25. Bxh5 Rf8 26. f3 Rd7 27. Qxf8+
Nd8 28. Ne7+ Qxe7 29. Qh8 Qh7 30. Qf8 Qe7 31. Qh6 Qh7 32. Qe3 b6 33. a5 Qxh5+
34. Kg3 Rg7+ 35. Kf2 Qh4+ 36. g3 Rxg3 37. Ke1 Rg2+ 38. Kd1 Qh2 39. Bc3 Nc6 40.
axb6 cxb6 41. b4 Na5 42. bxa5 f5 43. axb6 axb6 44. Rxb6 Qh7 45. f4 Qa7 46. Rc6+
Kd7 47. Rb6 Qa1+ 48. Bxa1 1-0